[Event "Beersheba-Peterburg Kings m"]
[Site "St Petersburg"]
[Date "1999.06.10"]
[Round "6"]
[White "Ivanov, Sergey"]
[Black "Mikhalevski, Victor"]
[Result "1-0"]
[WhiteElo "2528"]
[BlackElo "2531"]
[Annotator "Krasenkow,M"]
[PlyCount "59"]
[EventDate "1999.06.??"]
[EventType "schev"]
[EventRounds "10"]
[EventCountry "RUS"]
[SourceTitle "CBM 072"]
[Source "ChessBase"]
[SourceDate "1999.10.01"]
[SourceVersion "1"]
[SourceVersionDate "1999.10.01"]
[SourceQuality "1"]

{[%mdl 1]} 1. d4 Nf6 2. c4 g6 3. Nc3 d5 4. cxd5 Nxd5 5. e4 Nxc3 6. bxc3 Bg7 7.
Nf3 c5 8. Rb1 O-O 9. Be2 Nc6 10. d5 Ne5 11. Nxe5 Bxe5 12. Rb3 $5 {A rare move
but not a bad one. In the present game S.Ivanov finds a new idea for White.} e6
13. f4 Bg7 14. c4 (14. d6 {is harmless, e.g.} Bd7 (14... b6 15. O-O Bb7 16. Bf3
Ba6 17. Rf2 e5 18. f5 Qd7 19. Bg5 f6 20. Be3 Rfd8 21. Rd2 Bc4 22. Rb1 Bf8 23.
Bg4 g5 {1/2-1/2 Jussupow,A-Ghinda,M/Luzern (ol) 1982 (31)}) 15. Qd2 Bc6 16. Bf3
e5 17. O-O exf4 18. Qxf4 Qe8 19. Qg3 c4 20. Rb1 Bxc3 21. Bh6 Be5 22. Qe1 Qe6
23. Bxf8 Rxf8 $17 {0-1 Bagirov,V-Yermolinsky,A/USSR 1982 (37)}) 14... Re8 (
14... e5 $5) 15. e5 $1 $146 (15. Qc2 Bd4 16. Be3 exd5 17. cxd5 Bf5 18. Bxd4
Bxe4 19. Qxc5 Rc8 20. Qa3 Qxd5 21. Be3 Rc2 $44 {0-1 Ogaard,L-Ftacnik,L/Gjovik
1983 (27)}) (15. Bf3 $5 Qa5+ 16. Qd2 Qa4 17. e5 f6 18. Bb2 fxe5 19. Bxe5 Qxc4
20. d6 Bh6 21. h4 Rf8 22. g3 $44 {1-0 Nowak,I-Swic,W/Polska (ch) 1982 (35)})
15... f6 16. f5 $3 {A typical idea in this variation but this is the first
time it is applied in this particular position! White either creates a pawn
wedge on e6 or opens up the g-file (and this time the h5-e8 diagonal for his
pieces). As Black's queenside pieces are out of play, White creates a
formidable attack.} gxf5 17. Bh5 Re7 $6 {Black uses his rook to defend his
king but it leads to almost a forced loss!} (17... Rf8 18. Rg3 {[%cal Rc1h6]}
Kh8 19. Bb2 (19. Bg6 $2 hxg6 20. Rxg6 Rf7) 19... fxe5 20. Rxg7 Kxg7 21. Bxe5+
Kg8 22. O-O $40) 18. d6 $1 Rd7 {[%csl Ra8,Rc8]} 19. Rg3 $1 fxe5 20. Bb2 Kh8 (
20... f4 21. Rg4) (20... Rxd6 $4 21. Rxg7+ Kh8 22. Bxe5 Rxd1+ 23. Bxd1 Qa5+ 24.
Kf1 h5 (24... h6 25. Bh5 $18) 25. Re7+ Kg8 26. Re8+ Kh7 27. Rh8+ Kg6 28. Bxh5+
Kg5 29. h4#) 21. O-O $1 (21. Rxg7 Rxg7 22. Bxe5 Bd7 {The g7 rook is very
useful here.}) 21... Rxd6 (21... Bf6 22. Qa1 Rxd6 23. Bf7 $1 $18 (23. Bxe5 Rd4)
) 22. Qe2 {[%cal Re2e5]} Rd4 23. Rxg7 $1 Kxg7 (23... Re4 24. Bxe5 Rxe2 25. Bxe2
$18) 24. Qxe5+ Kg8 25. Rf4 $1 {Entering this rook decides the game.} (25. Qg3+
Kf8 26. Qe5 Kg8) (25. Qxc5 $6 Rd2 26. Bc3 Rc2 27. Qe5 (27. Rd1 $2 Qg5) 27...
Rxc3 28. Qxc3 Qg5 $13) 25... Qg5 26. Rxd4 cxd4 27. Qxd4 Kf8 28. Qh8+ Ke7 29.
Ba3+ Kd7 30. Qd4+ {A brilliant game!} 1-0

[Event "DEN-ch"]
[Site "Aarhus"]
[Date "1999.04.02"]
[Round "7"]
[White "Schandorff, Lars"]
[Black "Borge, Nikolaj"]
[Result "1-0"]
[WhiteElo "2527"]
[BlackElo "2466"]
[Annotator "Krasenkow,M"]
[PlyCount "109"]
[EventDate "1999.03.??"]
[EventType "tourn"]
[EventRounds "9"]
[EventCountry "DEN"]
[EventCategory "10"]
[SourceTitle "CBM 071"]
[Source "ChessBase"]
[SourceDate "1999.08.01"]
[SourceVersion "1"]
[SourceVersionDate "1999.08.01"]
[SourceQuality "1"]

1. d4 Nf6 2. c4 g6 3. Nc3 d5 4. cxd5 Nxd5 5. e4 Nxc3 6. bxc3 Bg7 7. Nf3 c5 8.
Rb1 O-O 9. Be2 Nc6 10. d5 Ne5 11. Nxe5 Bxe5 12. Qd2 e6 13. f4 Bc7 14. O-O exd5
15. exd5 Ba5 16. d6 {The most energetic continuation. Other options:} (16. f5)
(16. Ba3) (16. Rb3) 16... b6 (16... Rb8 17. g4 Bd7 18. f5 gxf5 19. Bd3 $1 Kh8
20. Bxf5 Rg8 21. Bxd7 Qxd7 22. h3 f5 23. Bb2 c4 24. Qd4+ Rg7 25. Bc1 b5 26. Qf6
{1-0 Wells,P-Huzman,A/Antwerpen op 1993 (30)}) (16... Bf5 $5 17. Rxb7 Qf6 18.
Bb2 Rfb8 19. Rxb8+ Rxb8 20. Rd1 Be6 21. Bf3 h5 22. Rc1 Bf5 23. Ba3 c4 24. Be2
Bb6+ {1/2-1/2 Sakaev,K-Tseitlin,M/St.Petersburg 1992}) 17. Bf3 Bf5 (17... Rb8
$6 18. Bb2 Bf5 19. Rbd1 $16) 18. Bxa8 Bxb1 19. Bc6 $1 $146 {This move creates
serious problems for the adherents of the 13...Bc7 line.} (19. Bd5 {is weaker}
Bf5 20. Bb2 b5 21. g4 $2 (21. Bf3 $5) (21. Re1 Qf6 22. Re7 c4 23. Kh1 Bd3 24.
Ba3 Bxc3 {0-1 Tihonov,J-Avrukh,B/WchJM U20 1997 (47)}) (21. Bf3) 21... Bxg4 22.
Qg2 Qxd6 23. c4 Bf5 24. Be5 Qe7 25. cxb5 c4 26. Kh1 Qc5 {0-1 Vaisser,
A-Mikhalevski,V/EUCup f Lyon 1994 (33)}) (19. Bb2 $5 {has not been tried yet})
19... Qf6 (19... Bf5 20. Re1 Qf6 21. Bb2 Rd8 (21... Qd4+ $5 22. cxd4 Bxd2 23.
Re7 (23. Re2 Bxf4 24. dxc5 bxc5 25. d7 Be6 $1) 23... Bxf4 24. dxc5 bxc5 25. d7
$16) 22. Re8+ Rxe8 23. Bxe8 c4 24. Bb5 Qd8 25. Bxc4 b5 26. Bb3 Bb6+ 27. Kh1 Qe8
28. Bd5 Be4 29. Bxe4 Qxe4 30. d7 Qb1+ 31. Bc1 Kg7 32. h3 h5 33. Kh2 Kh7 34. Kg3
Qe4 35. Kh2 Qb1 36. Qd1 Bc7 37. Qe1 Bb6 38. Qd2 Bc7 39. Ba3 Bb6 40. Bc1 {
1-0 Khalifman,A-Tseitlin,M/Beer Sheva-Peterburg Kings m 1999}) 20. Bb2 Bxa2 $6
{[#]} (20... Rd8 $2 21. Rxb1 Rxd6 22. Qe3 Rxc6 23. Qe8+ Kg7 24. c4 $18) (20...
Bf5 $142 21. Re1) 21. c4 $1 {A nice tactical trick.} Qe6 (21... Bxd2 22. Bxf6
Bxc4 (22... Be3+ 23. Rf2 $1) 23. Rf2 Be3 24. d7 b5 25. Be7 Rb8 26. Bb7 Be6 27.
d8=Q+ Rxd8 28. Bxd8 $16 {[%cal Yg1f1] With a pair of bishops White has good
prospects in his fight against three black pawns. Black is trying something
else but can't avoid a similar kind of endgame.}) 22. f5 $3 Bxd2 23. fxe6 fxe6
24. Rxf8+ Kxf8 25. Bf6 $1 Be3+ 26. Kh1 Bd4 27. Bg5 Be5 28. d7 Bc7 29. Bb5 $1
Bb1 30. d8=Q+ Bxd8 31. Bxd8 {This endgame is even worse for Black than that in
the previous annotation as he has not three connected pawns; moreover, his
queenside pawns can't move.} Be4 32. Kg1 Bb7 33. Kf2 Kf7 34. g3 h6 35. h4 e5
36. Bc7 Ke6 37. Ke3 g5 38. hxg5 hxg5 39. Bb8 a6 40. Ba4 Bc8 41. Bc7 b5 42. cxb5
axb5 43. Bxb5 Kf5 44. Bd6 Kg4 45. Bxe5 Be6 46. Bd6 Kh3 47. Kf2 c4 48. Ke3 g4
49. Kd4 c3 50. Kxc3 Bd5 51. Be2 Bf3 52. Kd2 Bg2 53. Ke3 Bc6 54. Kf4 Bd7 55.
Bf1+ (55. Bf1+ Kh2 56. Kg5 {/\Kh4,Be2}) 1-0

[Event "RUS-Cup03 Geller Memorial"]
[Site "Moscow"]
[Date "1999.02.07"]
[Round "6"]
[White "Kiselev, Sergey"]
[Black "Eljanov, Pavel"]
[Result "1/2-1/2"]
[WhiteElo "2500"]
[BlackElo "2418"]
[Annotator "Krasenkow,M"]
[PlyCount "106"]
[EventDate "1999.02.10"]
[EventType "swiss"]
[EventRounds "9"]
[EventCountry "RUS"]
[SourceTitle "CBM 070"]
[Source "ChessBase"]
[SourceDate "1999.06.08"]
[SourceVersion "1"]
[SourceVersionDate "1999.06.08"]
[SourceQuality "1"]

1. d4 Nf6 2. c4 g6 3. Nc3 d5 4. cxd5 Nxd5 5. e4 Nxc3 6. bxc3 Bg7 7. Bb5+ c6 8.
Ba4 O-O 9. Ne2 c5 10. O-O Nc6 11. Be3 Na5 {It is funny that the black knight
takes the same way as in the 7.Bc4 line but the idea is different: in that
line Black wants to push the white c4 bishop from its active position; now he
is more ambitious, intending to occupy the c4 square.} 12. dxc5 Nc4 ({If Black
doesn't want to swap the queens, he can take a risk and play} 12... Qc7 13. Nf4
e6 (13... Nc4 {is inferior:} 14. Nd5 Nxe3 15. Nxc7 Nxd1 16. Rfxd1 Rb8 17. Rab1
Be5 18. Nd5 e6 19. Ne7+ Kg7 20. c6 b6 21. c4 $18 {1-0 Aleksandrov,A-Yandemirov,
V/RUS-Cup8 1997 (23)}) {, e.g.} 14. Nd3 (14. Qd6 $5 {deserves serious attention
}) 14... b6 15. Bb5 Bb7 16. f3 Rfd8 17. Qc2 Bc6 18. Bxc6 Qxc6 19. Rfd1 bxc5 20.
Nxc5 Nc4 21. Bf2 Rdb8 22. Rab1 Rb6 23. Qa4 Qxa4 24. Nxa4 Ra6 25. Rb4 Ne5 26. f4
Bf8 27. Rbd4 Ng4 28. Bh4 e5 29. fxe5 Nxe5 30. Bg3 Re8 31. Kf1 Nc6 32. Rc4 Ne5
33. Rcd4 Nc6 34. Rc4 Ne5 {1/2-1/2 Shariyazdanov,A-Dvoirys,S/RUS-Cup02 1998.
The text move (introduced by Kasparov) is much quieter.}) 13. Qxd8 Rxd8 14. Bg5
Bd7 $1 {the point} 15. Bb3 Na5 {/\16... Kf8; 17... Rac8 - קc5 Dokhoian. It is
obvious that Black has sufficient compensation for the pawn.} 16. Rfd1 (16.
Bxe7 Re8 17. Bd6 Rxe4 18. Nd4 (18. Ng3 $6) 18... Nxb3 19. axb3 Bxd4 {1/2-1/2
Topalov,V-Kasparov,G/Linares 1998}) 16... Kf8 17. f3 h6 $6 {An unnecessary
move, after which the h6 pawn will be constantly hanging} (17... Bb5 18. Nd4
Ba6 (18... Bc4 19. Bxc4 Nxc4 20. c6 $1) 19. Rab1 Rdc8 20. Be3 {anyway!} Kg8 21.
Bf2 Bf8 22. c6 Nxc6 {1/2-1/2 Ionov,S-Shipov,S/ch-RUS 1998}) 18. Be3 Bb5 19. Nd4
Bc4 {A logical consequence of 17...h6 but the bishop has nothing to do on c4.}
(19... Ba6 $5) 20. Ba4 Rdc8 21. Nb3 {Now Black has not got either 21...Nc4 
(the bishop is there) nor 21...Bxc3 (the h6 pawn is hanging!).} Nc6 (21... Bxb3
22. axb3 Bxc3 23. Rac1 Bg7 (23... Bb4 24. Bxh6+ Kg8 25. Be3) 24. b4 Nc6 25. b5
$16) 22. Bxc6 (22. Rd7 b5 23. cxb6 axb6 24. Bxc6 Rxc6 $44) 22... bxc6 23. Na5
Be6 24. Bd4 Rab8 25. a4 {It is very difficult for White to win but his small
advantage is obvious.} Rb2 26. Rdb1 (26. Rab1 Ra2 27. Rb4 f5) 26... Rd2 27. Rb4
{[%cal Ya1b1,Yb1b2]} (27. Bxg7+ Kxg7 28. Rb7 Rc2 29. Rxa7 Rd8) 27... f5 28. Re1
$6 {Probably too slow.} (28. exf5 Bxf5 (28... gxf5 $6 29. Re1) 29. Bxg7+ Kxg7
30. Rb7 $36) 28... Rc7 29. exf5 Bxf5 30. Re3 Rc2 (30... Ra2 $1) 31. h3 (31. Nc4
Rd7) 31... Ra2 {[%cal Yf5c2,Yc2a4]} 32. Kf1 {A bit unfortunate move (in the
time-trouble?). 32...Bc2, which was not threatened yet, now becomes "more
possible"... but not yet quite!} (32. f4 Kf7 $5 {maintaining the 33...Bc2
threat} (32... Bc2 33. Re6 (33. Rg3 Kf7 34. Nc4 Bxa4) 33... Bxa4 34. Rxg6 Bxd4+
35. Rxd4 $16 (35. cxd4 $2 Bb5)) 33. Nc4 (33. Nb7 Rd7) 33... Rd7) (32. Kh2 $5)
32... Bc2 $6 (32... Kf7 $1) 33. Re6 Bxa4 34. Bxg7+ $2 ({Still,} 34. Rxg6 $1 {
perfectly worked!} Bb5+ (34... Bxd4 35. Rxd4 Bb5+ 36. c4) 35. c4 (35. Rxb5 $2
cxb5 36. Bxg7+ Kf7 $19) 35... Bxd4 36. cxb5 Bf6 (36... Bxc5 37. Rf4+ Ke8 38.
bxc6 $1) (36... Rxa5 37. Rxd4 cxb5 38. Rf4+ Ke8 39. c6 $16) 37. Nxc6 Rd7 38.
Rb1 (38. Re4 Kf7 39. Rgg4 h5 40. Rgf4 Rd1+ 41. Re1 Rdd2 42. Rxe7+ Kg6 43. Re6
Rd1+ 44. Re1 Rdd2 $11) 38... Rdd2 (38... Kf7 39. Nb4 $1) 39. Nb4 {and White
should win}) 34... Kxg7 35. Rb7 Bb5+ 36. Kg1 Rxb7 37. Nxb7 Kf7 38. Nd8+ Ke8 39.
Nxc6 Ra6 40. Nd4 Rxe6 41. Nxe6 Bc4 {It is now White who must secure a draw.}
42. Nd4 Kd7 43. f4 a5 44. Kf2 a4 45. Nc2 Kc6 46. Na3 Kxc5 47. h4 Kd5 48. Ke3
Bf1 49. g3 e5 50. fxe5 Kxe5 51. Kf2 Ba6 52. Ke3 Kf5 53. Kf3 Ke5 1/2-1/2

[Event "Hoogovens"]
[Site "Wijk aan Zee"]
[Date "1999.01.25"]
[Round "8"]
[White "Van Wely, Loek"]
[Black "Shirov, Alexei"]
[Result "1/2-1/2"]
[WhiteElo "2636"]
[BlackElo "2726"]
[Annotator "Krasenkow,M"]
[PlyCount "84"]
[EventDate "1999.01.16"]
[EventType "tourn"]
[EventRounds "13"]
[EventCountry "NED"]
[EventCategory "17"]
[SourceTitle "CBM 069"]
[Source "ChessBase"]
[SourceDate "1999.04.01"]
[SourceVersion "1"]
[SourceVersionDate "1999.04.01"]
[SourceQuality "1"]

1. d4 {Cifuentes} Nf6 2. c4 g6 3. Nc3 d5 4. cxd5 Nxd5 5. e4 Nxc3 6. bxc3 Bg7 7.
Nf3 c5 8. Rb1 O-O 9. Be2 cxd4 10. cxd4 Qa5+ 11. Bd2 Qxa2 12. O-O Bg4 13. Be3
Nc6 14. d5 (14. Rxb7 {Cifuentes} Rab8 $11) 14... Na5 {Quite surprisingly, this
move (well-known in the line 13.Bg5 h6 14.Be3) appeared in the tournament
practice of the 13.Be3 variation very recently. At the present moment it looks
quite sufficient for equality.} 15. Bg5 (15. Rb4 Bxf3 16. Bxf3 Nc4 17. Bg5 f6
18. Bf4 Nd6 19. Bxd6 exd6 20. Rxb7 a5 21. Qd4 Rab8 22. Ra7 Qa3 23. h4 (23. Ra1
Qb4 24. Qd3 f5 $13) 23... Qb4 24. Qa1 Ra8 25. Rc7 Rfc8 26. Rfc1 Rxc7 27. Rxc7
a4 28. Qc1 a3 29. Qc6 Qb8 30. Qd7 Qxc7 {0-1 Hoffman,A-Sanchez Almeyra,J/Mar
del Plata op 1995}) (15. Bc5 Bf6 16. e5 Bxe5 17. Rb4 Bxf3 18. Bxf3 Rae8 19.
Bxa7 b5 20. Qe2 (20. Rxb5 Nc4 21. Qe2 $6 Qxa7 22. Qxc4 Rc8 $15 {1/2-1/2
Krasenkow,M-Leko,P/It, Madrid ESP 1998 (42)}) 20... Qxe2 21. Bxe2 Nc4 22. Bc5
Nd6 23. Bxb5 Rb8 24. Bc6 Rxb4 25. Bxb4 Rb8 26. Bc5 Rb2 27. g3 Rc2 28. Ba7 Ra2 {
1/2-1/2 Van Wely,L-Leko,P/Fontys 1998}) 15... Qa3 16. Bd2 {[%cal Rd2b4]} Bc3
17. Bc1 Qd6 (17... Qc5 18. Qa4 $1 {Shirov}) 18. e5 Qd7 19. Bd2 Rfc8 {'!'
Cifuentes.} (19... Bxf3 20. Bxf3 (20. Bxc3 $5) 20... Bxd2 21. Qxd2 Nc4 22. Qe2
b5 (22... Rac8 {Cifuentes} 23. e6 Qc7 24. exf7+ Kg7 25. Rfc1 $16) 23. e6 Qd6
24. exf7+ Kg7 (24... Rxf7 {Cifuentes} 25. Rxb5 Ne5 26. Be4 $14) 25. Rxb5 Ne5
26. Be4 Rxf7 27. Ra5 {'+/=' Cifuentes.} Rf6 28. g3 a6 29. Bg2 Raf8 30. Kh1 (30.
Re1 {Cifuentes} Qb6 31. Raa1 Nd7 32. Qxe7+ R6f7 33. Qe3 Rxf2 34. Qxb6 Nxb6 35.
Rxa6 $16) 30... h5 31. Ra4 Ng4 32. f4 e5 33. dxe6 {1/2-1/2 Kramnik,V-Ivanchuk,
V/Amber Rapid 1998}) 20. Bxc3 Rxc3 21. Qd4 Bxf3 22. Bxf3 {'!' Cifuentes.} (22.
Qxc3 Bxe2 23. Rfe1 Bc4 {'!' Cifuentes.} 24. Qxa5 (24. Ra1 b6 25. Rxa5 bxa5 26.
Qxc4 Rd8 27. Rd1 a4) 24... Bxd5 $13 {With two passed pawns and a strong bishop
Black cannot be worse. '©' Cifuentes.}) 22... Rac8 23. Qxa7 (23. e6 $5 {
Cifuentes} fxe6 24. Bg4 $1 (24. Qxa7 Rxf3 $1 25. dxe6 Qd5 (25... Qxe6 26. gxf3
Qd5) 26. gxf3 Qxf3 27. Qd4 Nc6 28. Qe3 Qxe3 29. fxe3 Nd8 $11) 24... Qxd5 $8 25.
Qxd5 exd5 26. Bxc8 Rxc8 27. Rb5 b6 28. Rxd5 Kf7 $11 29. Rd7 Nc6 30. Re1 $14)
23... Rxf3 $1 {The simplest. Black destroys both the white pawn centre and the
pawn structure around the white king, which guarantees him a sufficient
compensation for the sacrificed exchange.} 24. gxf3 Qxd5 25. f4 Nc6 26. Qxb7 (
26. Qe3 Nd4 27. Rfd1 Nf3+ 28. Kg2 (28. Kh1 Nd2+ 29. f3 $2 Rc2 {/\30...Nxf3!})
28... Nd4+ $11 29. f3 $2 Rc2+) 26... Rb8 27. Qc7 (27. Qxb8+ Nxb8 28. Rxb8+ Kg7
$11) 27... Rxb1 28. Rxb1 Nd4 {[%cal Rd4f3,Rd4e2]} 29. Qb7 $8 (29. Rb8+ {
Cifuentes} Kg7 30. Qd8 $1 Ne2+ (30... Nf3+ $2 31. Kh1 $1 $18) 31. Kf1 Qxd8 32.
Rxd8 Nxf4 33. Rd7 Kf8 $14) 29... Ne2+ 30. Kf1 Qd3 (30... Nxf4 {Cifuentes} 31.
Qxd5 Nxd5 $11) 31. Qb5 Nxf4+ 32. Qxd3 Nxd3 $11 {Endgames RvN with pawns on the
same side are often drawn even with equal number of pawns!} 33. Rb5 Nf4 {
'=' Cifuentes.} 34. f3 Kg7 35. Kf2 g5 36. Ke3 e6 37. Ke4 Ng6 38. Rb8 h6 39. Ra8
Nf4 40. h4 Ng6 41. hxg5 hxg5 42. Ra1 Nf4 1/2-1/2

[Event "HUN-ch"]
[Site "Lillafured"]
[Date "1999.02.01"]
[Round "1"]
[White "Chernin, Alexander"]
[Black "Horvath, Csaba"]
[Result "1-0"]
[WhiteElo "2604"]
[BlackElo "2524"]
[Annotator "Krasenkow,M"]
[PlyCount "72"]
[EventDate "1999.02.01"]
[EventType "tourn"]
[EventRounds "9"]
[EventCountry "HUN"]
[EventCategory "13"]
[SourceTitle "CBM 070"]
[Source "ChessBase"]
[SourceDate "1999.06.08"]
[SourceVersion "1"]
[SourceVersionDate "1999.06.08"]
[SourceQuality "1"]

1. d4 Nf6 2. c4 g6 3. Nc3 d5 4. cxd5 Nxd5 5. e4 Nxc3 6. bxc3 Bg7 7. Nf3 c5 8.
Rb1 O-O 9. Be2 cxd4 10. cxd4 Qa5+ 11. Bd2 Qxa2 12. O-O b6 13. Qc1 Qe6 {A rare
continuation. Black evacuates his queen but lags behind in development. The
old Russian master E.Znosko-Borovsky formulated (at the beginning of the XXth
century) an important concept: if you have an extra material for the
opponent's development advantage, don't remove your active pieces to
defense!Better give them some support! So,} (13... Bb7 {is conceptually better
than the text.}) 14. Re1 {A relatively new continuation.} (14. Bc4 {is the old
main line:} Qxe4 (14... Qd7 15. Qa3 (15. Ne5 Bxe5 16. dxe5 Ba6 17. e6 fxe6 18.
Bh6 Bxc4 19. Rd1 Qc7 20. Bxf8 Kxf8 21. Rd4 Nd7 22. Rxc4 Nc5 23. Qg5 Kg7 24. e5
h6 25. Qg3 $40 {Khalifman,A-Komljenovic,D/Sevilla op 1993/1-0 (43)}) 15... Bb7
16. d5 Rc8 17. Bb5 Qd8 18. Bg5 Bf8 19. Rfd1 $16 {Sakaev-Polovodin/Leningrad/
1987}) 15. Re1 Qb7 16. Bb4 Be6 17. Rxe6 fxe6 18. Ng5 Nd7 (18... Nc6 19. Nxe6
Kh8 20. Bc3 $36 {Kibalnichenko-Sorokin/corr/1990/}) 19. Nxe6 Kh8 20. Nxf8 Rxf8
21. Qe3 Rc8 22. Be6 Bf6 $13 {Gonzalez,J-Perez,Joa/La Habana/1992}) (14. Qc2 {
is less active:} Qd7 15. Rfc1 Ba6 16. Bxa6 Nxa6 17. Qc4 Qc8 18. Qxc8 Rfxc8 19.
Rxc8+ Rxc8 20. Ra1 Nb8 21. Rxa7 Nc6 22. Rd7 {1/2-1/2 Polak,T-Ivanchuk,V/33rd
Chess Olympiad/Elista/1998}) 14... Bb7 (14... Qxe4 15. Ng5 {[%cal Re2f3]}) (
14... Ba6 15. Bd1 Rc8 16. Qa3 Bc4 17. Ba4 Na6 18. Bf4 Nc7 19. d5 Qg4 20. Be5 b5
21. Bxg7 bxa4 $2 22. Ba1 {1-0 Kostin,D-Loginov,V/Loosdorf op 1993}) 15. Bb5 (
15. Bc4 Qd7) 15... Na6 {[%csl Ra6]} (15... Ba6 $5 16. Ba4 (16. d5 Qc8)) 16. Bf4
{A typical position, favourable for White. His pieces control the whole board,
his central pawns are strong. The black pieces (especially queen and knight)
arouse compassion. Black's having extra pawn sounds like a taunt. White has
now a lot of active plans: to pressurize the a6 knight and e7 pawn, to push
his pawns etc. Alexander Chernin is a great specialist in this kind of
positions.} Qc8 17. Qe3 Qd8 18. Rbc1 {Preventing 18...Nc7. An exchange of a
pair of rooks doesn't help Black.} Rc8 19. Rxc8 Qxc8 20. Rc1 Qa8 21. Qa3 Nb8
22. d5 {[%csl Re7]} a6 23. Ba4 b5 24. Bb3 Nd7 (24... Re8 25. Rc7 Bf8 26. Ng5
$18) 25. Qxe7 Qd8 26. Qxd8 Rxd8 27. Rc7 Ba8 28. d6 {[%cal Rf3g5]} h6 29. e5 $1
{A final combination.} Bxf3 30. e6 Bg4 (30... fxe6 31. Bxe6+ Kf8 (31... Kh7 32.
gxf3 Nf8 33. Bh3 Kg8 34. Ra7 {[%cal Yd6d7,Yf4c7]}) 32. Bxd7 (32. gxf3 Ke8)
32... Bd5 33. Bd2 $1 g5 34. Rc8 Bf6 35. Ba5 $18) 31. e7 Re8 32. h3 Be6 33. Bxe6
fxe6 34. Rxd7 a5 35. Rc7 a4 36. d7 Kf7 1-0